000
00188 a2200097 4500
001
49340
100
_a
Aumoner S
245
_a
Old flags
260
_a
London
_b
_c
090
_c
31888
_d
31888
942
_a
NUST-CAE
_c
M
_c
24322
999
_c
284413
_d
284413